Emojis nach Buchstabe - A - Statistiken

Allgemein
  • Dieses Quiz wurde 198 mal gespielt
  • Das Durchschnittsergebnis liegt bei 18 aus 28
Antwortstatistiken
Emoji beginnend mit A Lösung % Korrekt
🐒 Affe
97%
🥑 Avocado
97%
🍍 Ananas
95%
👁 Auge
94%
🚗 Auto
94%
🦅 Adler
93%
🚦 Ampel
92%
⚓️ Anker
91%
🍏 Apfel
91%
👽 Alien
90%
👨‍⚕️ Arzt
88%
🍁 Ahornblatt
87%
🎣 Angeln
87%
🛣 Autobahn
86%
👩🏽‍🚀 Astronaut
85%
🛫 Abflug
58%
🔋 Akku
55%
🇦🇲 Armenien
51%
⚛️ Atomzeichen
47%
🇦🇴 Angola
45%
🇦🇿 Aserbaidschan
43%
🌆 Abend
32%
🧮 Abakus
26%
🏺 Amphore
19%
🇦🇶 Antarktis
18%
🦾 Armprothese
13%
🇦🇼 Aruba
12%
⚕️ Äskulapstab
5%
Keine übereinstimmenden Quizze gefunden
Verteilung der Resultate
Anzahl Personen mit jedem Resultat
Perzentil nach korrekt beantworteten Fragen
Ihre Resultats-Entwicklung
Sie haben dieses Quiz noch nicht gespielt